| 000 -ლიდერი |
| ფიქსირებული სიგრძის საკონტროლო ველი |
01287nam a22002537a 4500 |
| 003 - საკონტროლო ნომრის იდენტიფიკატორი |
| საკონტროლო ველი |
Ge_BSU |
| 005 - ბოლო ოპერაციის თარიღი და დრო |
| საკონტროლო ველი |
20191224161236.0 |
| 008 - ფიქსირებული სიგრძის მონაცემთა ელემენტები - ზოგადი ინფორმაცია |
| ფიქსირებული სიგრძის საკონტროლო ველი |
191224s2018 ||||| |||| 00| 0 geo d |
| 020 ## - წიგნის საერთაშორისო სტანდარტული ნომერი |
| International Standard Book Number |
2587-490 X |
| 041 ## - ენის კოდი |
| Language code of text/sound track or separate title |
geo |
| 080 ## - უნივერსალური ათობითი კლასიფიკაციის ინდექსი |
| Universal Decimal Classification number |
94(5)(063)+32+930 ა-94 |
| 245 ## - ცნობა სათაურის შესახებ |
| Title |
აღმოსავლეთმცოდნეობის მაცნე : |
| Remainder of title |
I / |
| Statement of responsibility, etc |
რედ. ემზარ მაკარაძე ; ტომის რედ . მანუჩარ ლორია. |
| 264 ## - წარმოების, გამოცემის, დისტრიბუციის და სხვა ცნობები |
| გამოცემის, წარმოების, დისტრიბუციის... ადგილი |
თბილისი: |
| გამოცემის, წარმოების, დისტრიბუციის... სახელწოდება |
დანი, |
| გამოცემის, წარმოების, დისტრიბუციის... თარიღი |
2018. |
| 300 ## - ფიზიკური აღწერა |
| Extent |
149 გვ.: |
| Dimensions |
20 სმ. |
| 504 ## - BIBLIOGRAPHY, ETC. NOTE |
| Bibliography, etc |
ბიბლიოგრ. ტექსტების ბოლოს |
| 546 ## - LANGUAGE NOTE |
| Language note |
პარალ სათ. ინგლ |
| 653 ## - INDEX TERM--UNCONTROLLED |
| Uncontrolled term |
ისტორია |
| 653 ## - INDEX TERM--UNCONTROLLED |
| Uncontrolled term |
პოლიტიკა |
| 653 ## - INDEX TERM--UNCONTROLLED |
| Uncontrolled term |
წყაროთმცოდნეობა |
| 700 ## - ADDED ENTRY--PERSONAL NAME |
| Personal name |
მაკარაძე, ემზარ |
| Relator term |
რედაქტორი |
| 9 (RLIN) |
4143 |
| 700 ## - ADDED ENTRY--PERSONAL NAME |
| Personal name |
ლორია, მანუჩარ |
| Relator term |
ტომის რედაქტორი |
| 9 (RLIN) |
2194 |
| 710 ## - ADDED ENTRY--CORPORATE NAME |
| Relator term |
ბსუ, ჰუმანიტარულ მეცნიერებათა ფაკ-ტი, აღმოსავლეთმცოდნეობის დეპ-ტი |
| 9 (RLIN) |
5953 |
| 942 ## - ADDED ENTRY ELEMENTS (KOHA) |
| Source of classification or shelving scheme |
|
| Koha item type |
წიგნი |